00666nam a22002297a 4500003000200000005001700002008000200019010001300021020002200034035002300056037001600079040001500095082001500110100002600125245009200151260004300243270005000286300002100336500001900357650003400376650002600410020180705162417.00 aB-063208 c00.00a8121207215 aB-063208, B-063209 bCen Lib/Ret aDPLbENc0 a658.3bMAT aMathur, Krishna Mohan aManaging human resource development :cby Krishna Mohan Mathurban Indian perspective / aNew DelhibGyan Publishing Housec2001 a5, Ansari Road, Darya GanjbNew Delhie110002 a392p. c22cm(Hb) aIncludes index aPersonnel management -- India aPersonnel management